L'Eglise et l'état dans leurs rapports mutuels / (Record no. 157696)
[ view plain ]
| 000 -LEADER | |
|---|---|
| campo de control de longitud fija | 01146nam a2200253 i 4500 |
| 001 - NÚMERO DE CONTROL | |
| campo de control | 157696 |
| 003 - IDENTIFICADOR DE NÚMERO DE CONTROL | |
| campo de control | ES-MaACL |
| 005 - FECHA Y HORA DE LA ÚLTIMA TRANSACCIÓN | |
| campo de control | 20251218063014.0 |
| 008 - DATOS DE LONGITUD FIJA--INFORMACIÓN GENERAL | |
| campo de control de longitud fija | 991104s1877 fr |||| | fre d |
| 040 ## - FUENTE DE CATALOGACIÓN | |
| Centro catalogador/agencia de origen | EUS |
| Lengua de catalogación | spa |
| Centro/agencia transcriptor | EUS |
| 100 1# - ENTRADA PRINCIPAL--NOMBRE DE PERSONA | |
| Nombre de persona | Liberatore, Matteo, |
| Fechas asociadas al nombre | 1810-1892 |
| 9 (RLIN) | 156482 |
| 245 12 - MENCIÓN DEL TÍTULO | |
| Título | L'Eglise et l'état dans leurs rapports mutuels / |
| Mención de responsabilidad, etc. | par le R.P. Liberatore de la Compagnie de Jésus ; ouvrage traduit l'italien sur la seconde édition par un docteur en théologie du Collége romain, professeur de grand-Seminaire. |
| 260 ## - PUBLICACIÓN, DISTRIBUCIÓN, ETC. | |
| Lugar de publicación, distribución, etc. | Paris : |
| Nombre del editor, distribuidor, etc. | Société Générale de Librairie Catholique, Ancienne Maison Palmé [etc.], |
| Fecha de publicación, distribución, etc. | 1877 ( |
| Lugar de fabricación/manufactura | Langres : |
| Fabricante | Firmin Dangien) |
| 300 ## - DESCRIPCIÓN FÍSICA | |
| Extensión | [4], VII, 572 p. ; |
| Dimensiones | 22 cm. |
| 546 ## - NOTA DE IDIOMA | |
| Nota de lengua/lenguaje | Texto en francés y notas en latín. |
| 594 ## - Nota al título y mención de responsabilidad | |
| Nota al título y mención de responsabilidad | Cada parte con portadilla propia. |
| 597 ## - NOTA DE DESCRIPCIÓN FÍSICA | |
| NOTA DE DESCRIPCIÓN FÍSICA | Signaturizado. |
| 700 0# - ENTRADA AGREGADA--NOMBRE PERSONAL | |
| Nombre de persona | Docteur en théologie du Collège Romain, Un, |
| Término indicativo de función/relación | |
| 9 (RLIN) | 126811 |
| 710 2# - ENTRADA AGREGADA--NOMBRE DE ENTIDAD CORPORATIVA | |
| Nombre de entidad corporativa o nombre de jurisdicción como elemento de entrada | Société Générale de Librairie Catholique ( |
| Sede del congreso/Lugar de la reunión | Paris, |
| Término indicativo de función/relación | |
| 9 (RLIN) | 134938 |
| 752 ## - ENTRADA AGREGADA--NOMBRE JERÁRQUICO DEL LUGAR | |
| País o entidad superior | Francia - |
| Ciudad | Paris |
| 852 ## - LOCALIZACIÓN | |
| Ubicación | ES-MaACL |
| Número de control de estantería | G-12341 |
| Nota libre | -- Enc. hol. |
| Estatus retirado | Estado de pérdida | Estado de daño | No para préstamo | Colección | Biblioteca de origen | Biblioteca actual | Ubicación en estantería | Fecha de adquisición | Fuente de adquisición | Total de préstamos | Signatura topográfica completa | Código de barras | Visto por última vez | Precio de reemplazo | Tipo de ítem Koha |
|---|---|---|---|---|---|---|---|---|---|---|---|---|---|---|---|
| Libros del s. XIX | Biblioteca del Ateneo de Madrid | Biblioteca del Ateneo de Madrid | Sala Pecera Planta 3 | 17/01/2008 | G-12341 | 1165025 | 23/02/2023 | 23/02/2023 | Libro impreso antiguo |
